Historia de Chile: Independencia y República, hasta 1860

Saved in:
Bibliographic Details
Main Authors: Villalobos Rivera, Sergio (Author), Silva V., Fernando (Author), Silva G., Osvaldo (Author), Estellé M., Patricio (Author)
Format: Book
Language:Spanish
Published: Santiago Universitaria 1976
Edition:1a. ed
Series:Imagen de Chile, 3
Subjects:
Tags: Add Tag
No Tags, Be the first to tag this record!

MARC

LEADER 00000nam a2200000 a 4500
001 UCH3943
003 CL-VaPUC
008 090818e19760000CL |||||||||||||||||spa|d
082 0 4 |a 983.04  |b VIL  |2 21 
100 0 |a Villalobos Rivera, Sergio  |e author  |9 539434 
700 0 |a Silva V., Fernando  |e author  |9 539435 
700 0 |a Silva G., Osvaldo  |e author  |9 539436 
700 0 |a Estellé M., Patricio  |e author  |9 539437 
245 1 0 |a Historia de Chile: Independencia y República, hasta 1860 
250 |a 1a. ed 
300 |a v 
942 |c BK 
945 |d 20090818 00:00:00  |a ccalabra 
260 |a Santiago  |b Universitaria  |c 1976 
650 0 |a Educación  |9 258661 
650 7 |a EMANCIPACION  |2 CL-VaPUC  |9 414261 
650 7 |a PATRIA NUEVA  |2 CL-VaPUC  |9 444597 
650 0 |a Patria Vieja  |9 380238 
650 7 |a RECONQUISTA  |2 CL-VaPUC  |9 396400 
650 7 |a SOCIEDAD Y CULTURA  |2 CL-VaPUC  |9 486496 
650 7 |a COSTUMBRES CHILENAS  |2 CL-VaPUC  |9 463035 
650 0 |a Desarrollo económico  |9 259599 
583 |a last modification  |c 20090818 00:00:00  |k Rodrigo Vera 
490 0 |a Imagen de Chile, 3 
999 |c 335345  |d 335343